000
00293nam a22001217a 4500
008
181008b xxu||||| |||| 00| 0 eng d
041
_a
eng
080
_a
574
100
_a
9
101
_a
MJE
245
_a
a Enviromental HIstory Of The Twetieth Century
_c
Mcneil.j.r
942
_2
udc
_c
BK
999
_c
49003
_d
49003